Statystyki dla Największe miasta w historii

Kliknij tutaj aby rozwiązać quiz!

Ogólne statystyki

  • Ten quiz został rozwiązany 8 160 razy
  • Średni wynik to 8 z 22

Statystyki odpowiedzi

Miasto% Poprawnych
Londyn
97%
Tokio
96%
Pekin
93%
Nowy Jork
90%
Stambuł
88%
Kair
83%
Rzym
81%
Aleksandria
48%
Bagdad
42%
Babilon
17%
Luksor
13%
Nankin
12%
Kordoba
11%
Memfis
10%
Xi'an
10%
Fez
9%
Niniwa
4%
Merw
3%
Hangzhou
2%
Kaifeng
2%
Luoyang
2%
Patna
2%

Rozkład punktacji

Percentyl według liczby udzielonych odpowiedzi

Procent ludzi z każdym wynikiem

Twoja historia wyników

Nie rozwiązałeś tego quizu